| 000 | 00342nam a2200133Ia 4500 | ||
|---|---|---|---|
| 005 | 20251222144827.0 | ||
| 008 | 251222s9999||||xx |||||||||||||| ||spa|| | ||
| 020 | _a9972-9383-1-X | ||
| 082 | _a379.201/C34 | ||
| 100 | _aCastillo Barraza, Jaime | ||
| 245 | 0 | _aReformas y Escuelas para el Nuevo Siglo | |
| 264 | _bForo Educativo | ||
| 942 | _cLIB | ||
| 999 |
_c20711 _d20711 |
||